Welcome to the Holygrace Academy Library

Please use search bar below to get started

ORIKKAL (Record no. 8572)

MARC details
000 -LEADER
fixed length control field 00800nam a22001457a 4500
082 ## - DEWEY DECIMAL CLASSIFICATION NUMBER
Classification number 894.812.3
Item number MOH/O
100 ## - MAIN ENTRY--AUTHOR NAME
Personal name MOHANAN, N
245 ## - TITLE STATEMENT
Title ORIKKAL
246 ## - VARYING FORM OF TITLE
Title proper/short title ORIKKAL
Remainder of title ORIKKAL
260 ## - PUBLICATION, DISTRIBUTION, ETC. (IMPRINT)
Place of publication KOTTAYAM, INDIA
Name of publisher D C
Year of publication 2024
300 ## - PHYSICAL DESCRIPTION
Number of Pages 112
520 ## - SUMMARY, ETC.
Summary, etc ആദ്യ പ്രണയത്തിന്റെ ഓർമകൾ മനസ്സിൽ സൂക്ഷിക്കുന്നവരിൽ മാത്രമല്ല പ്രണയിക്കുന്നവർക്കും അതിന്റെ ലഹരിയിൽ ജീവിക്കുന്നവർക്കും, പ്രണയം നഷ്ടമായവർക്കും വേണ്ടിയുള്ളതാണ് എൻ മോഹനന്റെ ‘ഒരിക്കൽ’
650 ## - SUBJECT ADDED ENTRY--TOPICAL TERM
Topical Term MALAYALAM NOVEL
942 ## - ADDED ENTRY ELEMENTS (KOHA)
Koha item type Books
Holdings
Withdrawn status Lost status Collection code Home library Current library Shelving location Date acquired Source of acquisition Cost, normal purchase price Full call number Accession Number Koha item type
    Fiction Main Library Main Library NEW SHELF WITH NEW ENTRY 07/03/2024 PURCHASED 150.00 894.812.3 MOH/O 13544 Books